Trouver le joueur NBA / Niveau 3 #1 - Statistiques

Statistiques générales
  • Ce quiz a été pris 347 fois
  • Le résultat moyen est 13 sur 16
Statistiques - réponses
Par images Réponse % Correct
Aaron Gordon
97%
Paolo Banchero
95%
Khris Middleton
93%
Nikola Vucevic
92%
Darius Garland
91%
Fred VanVleet
87%
Dejounte Murray
84%
Andrew Wiggins
83%
Spencer Dinwiddie
78%
Myles Turner
77%
R.J. Barrett
75%
Jaime Jaquez Jr.
72%
Malik Monk
71%
OG Anunoby
68%
Jerami Grant
67%
Naz Reid
65%
Aucun quiz correspondant
Distribution des résultats
% des personnes avec chaque résultat
Percentile par nombre de réponses
Votre historique - résultats
Vous n’avez pas pris ce quiz